| 000 | 00817nam a22002295i 4500 | ||
|---|---|---|---|
| 001 | 54115 | ||
| 003 | ES-MaACL | ||
| 005 | 20230906162910.0 | ||
| 007 | t| | ||
| 008 | 960710s1859 fr ||||1| fre d | ||
| 040 |
_aCAM _bspa _cCAM |
||
| 100 | 1 |
_aFeuillet, Octave. _950641 |
|
| 245 | 1 | 0 |
_aScènes et proverbes / _cpar Octave Feuillet. |
| 250 | _aNouvelle èdition. | ||
| 260 |
_aParis : _bMichel Lévy Frères, libraires-èditeur, _c1859 ( _fImprimerie de Wittersheim) |
||
| 300 |
_a[2], 371, [1] p. ; _c18 cm. |
||
| 490 | 1 | _aOeuvres complètes d'Octave Feuillet | |
| 505 | 8 | _aContiene: Le fruit défendu; La crise; Rédemption; Le pour et le contre; Alix; La partie de dames; La clé d'or | |
| 830 | 0 |
_aOeuvres complètes d'Octave Feuillet _9182483 |
|
| 852 |
_aES-MaACL _jF-8820 |
||
| 999 |
_c54115 _d54115 |
||